[Event "BCF-chT2 1011 (4NCL)"]
[Site "England"]
[Date "2011.05.02"]
[Round "11.14"]
[White "Manley, Jon P"]
[Black "Rudd, Jack"]
[Result "0-1"]
[WhiteElo "2158"]
[BlackElo "2295"]
[PlyCount "68"]
[EventDate "2010.11.06"]
[EventType "team-swiss"]
[EventRounds "11"]
[EventCountry "ENG"]
[SourceTitle "EXT 2012"]
[Source "ChessBase"]
[SourceDate "2011.11.24"]
[SourceVersion "1"]
[SourceVersionDate "2011.11.24"]
[SourceQuality "1"]
[WhiteTeam "Barbican Youth"]
[BlackTeam "Bristol"]
[WhiteTeamCountry "ENG"]
[BlackTeamCountry "ENG"]

1. e4 d6 2. d4 g6 3. Nc3 Bg7 4. Be3 a6 5. Qd2 Nd7 6. f3 h6 7. Nh3 e6 8. Be2 Ne7 9. Nf2 b6 10. h4 Bb7 11. g4 d5 12. exd5 Nxd5 13. Nxd5 Bxd5 14. c4 Bb7 15. 0-0-0 Qe7 16. g5 h5 17. Ne4 0-0-0 18. Qc2 Nb8 19. d5 exd5 20. cxd5 Rxd5 21. Rxd5 Bxd5 22. Bxb6 Be5 23. Bc5 Qe6 24. Rd1 Rd8 25. b3 Qc6 26. Bf2 a5 27. Qxc6 Nxc6 28. Ba6+ Kb8 29. Bd3 Bxe4 30. fxe4 Nb4 31. Be2 Nxa2+ 32. Kc2 Nb4+ 33. Kc1 Bf4+ 34. Kb2 Rxd1 0-1

[Event "BCF-chT2 1011 (4NCL)"]
[Site "England"]
[Date "2011.03.27"]
[Round "8.15"]
[White "Manley, Jon P"]
[Black "McEwan, Ken B"]
[Result "1-0"]
[WhiteElo "2158"]
[BlackElo "2139"]
[PlyCount "89"]
[EventDate "2010.11.06"]
[EventType "team-swiss"]
[EventRounds "11"]
[EventCountry "ENG"]
[SourceTitle "EXT 2012"]
[Source "ChessBase"]
[SourceDate "2011.11.24"]
[SourceVersion "1"]
[SourceVersionDate "2011.11.24"]
[SourceQuality "1"]
[WhiteTeam "Barbican Youth"]
[BlackTeam "Poisoned Pawns"]
[WhiteTeamCountry "ENG"]
[BlackTeamCountry "ENG"]

1. e4 c5 2. Nc3 d6 3. f4 Nc6 4. Nf3 g6 5. Bc4 Bg7 6. 0-0 e6 7. d3 Nge7 8. Qe1 a6 9. a3 Nd4 10. Nxd4 Bxd4+ 11. Kh1 b5 12. Ba2 Bb7 13. e5 d5 14. Ne2 Nf5 15. Rf3 c4 16. c3 Bb6 17. d4 h5 18. Rh3 Kd7 19. Bb1 Nh6 20. Ng1 Qe7 21. Nf3 a5 22. Bd2 a4 23. Bc2 Rag8 24. Qe2 Bd8 25. Be1 Qe8 26. Bh4 Bxh4 27. Rxh4 Kc8 28. Kg1 Bc6 29. Kf1 Qe7 30. Rh3 Bd7 31. Kg1 f5 32. exf6 Qxf6 33. Ne5 Nf7 34. Rg3 g5 35. Nxf7 Qxf7 36. fxg5 h4 37. g6 Qe7 38. Rf3 Be8 39. Qe5 Rh6 40. Rf6 Rgxg6 41. Bxg6 Rxg6 42. Raf1 Kd7 43. h3 Rg7 44. Rxe6 Qxe6 45. Qxg7+ 1-0

[Event "BCF-chT2c 0910 (4NCL) Promotion pool"]
[Site "England"]
[Date "2010.05.03"]
[Round "11.5"]
[White "Sugden, John N"]
[Black "Manley, Jon P"]
[Result "1-0"]
[WhiteElo "2212"]
[BlackElo "2146"]
[PlyCount "55"]
[EventDate "2009.10.24"]
[EventType "team-tourn"]
[EventRounds "4"]
[EventCountry "ENG"]
[SourceTitle "EXT 2010"]
[Source "ChessBase"]
[SourceDate "2010.11.25"]
[SourceVersion "1"]
[SourceVersionDate "2010.11.25"]
[SourceQuality "1"]
[WhiteTeam "e2e4.org.uk"]
[BlackTeam "Barbican Youth"]
[WhiteTeamCountry "ENG"]
[BlackTeamCountry "ENG"]

1. d4 Nf6 2. c4 g6 3. Nc3 Bg7 4. e4 d6 5. Nf3 0-0 6. Be2 Na6 7. 0-0 e5 8. d5 Nc5 9. Qc2 a5 10. Ne1 Nfd7 11. Be3 f5 12. exf5 gxf5 13. f4 e4 14. Qd2 Nf6 15. Bd4 Qe7 16. Nc2 Bd7 17. Ne3 Qf7 18. Nb5 Bc8 19. Bc3 b6 20. b3 h5 21. Rad1 Kh7 22. h3 Rg8 23. Qe1 Rh8 24. Qh4 Kg8 25. Nxc7 Ng4 26. Bxg7 Qxg7 27. hxg4 hxg4 28. Qg5 1-0

[Event "BCF-chT2a 0809 (4NCL)"]
[Site "Hinckley Island"]
[Date "2008.12.07"]
[Round "4.2"]
[White "Swanson, Stephen"]
[Black "Manley, Jon P"]
[Result "1-0"]
[WhiteElo "2225"]
[BlackElo "2156"]
[PlyCount "85"]
[EventDate "2008.10.04"]
[EventType "team-tourn"]
[EventRounds "7"]
[EventCountry "ENG"]
[SourceTitle "EXT 2010"]
[Source "ChessBase"]
[SourceDate "2010.11.25"]
[SourceVersion "1"]
[SourceVersionDate "2010.11.25"]
[SourceQuality "1"]
[WhiteTeam "Poisoned Pawns"]
[BlackTeam "Barbican Youth"]
[WhiteTeamCountry "ENG"]
[BlackTeamCountry "ENG"]

1. e4 e5 2. Nc3 Nf6 3. f4 d5 4. fxe5 Nxe4 5. Qf3 Nc6 6. Bb5 Nxc3 7. dxc3 Qh4+ 8. g3 Qe4+ 9. Qxe4 dxe4 10. Bxc6+ bxc6 11. Ne2 c5 12. c4 Bg4 13. Nc3 0-0-0 14. 0-0 Bf3 15. Bg5 f6 16. exf6 h6 17. Rxf3 exf3 18. fxg7 Bxg7 19. Bxd8 Rxd8 20. Rd1 Re8 21. Rd3 Re1+ 22. Kf2 Rh1 23. Kxf3 Rxh2 24. Ne2 Bxb2 25. Rd5 a5 26. a4 Ba3 27. Rd3 Bb2 28. Rd5 Ba3 29. Rd1 h5 30. c3 h4 31. g4 Rh3+ 32. Ke4 Rh2 33. Kd3 Rh3+ 34. Kd2 Rh2 35. Kd3 Rh3+ 36. Kd2 Rh2 37. g5 Bb2 38. Kd3 Rh3+ 39. Kc2 Re3 40. Kd2 Re5 41. g6 h3 42. g7 Re8 43. Rf1 1-0

[Event "BCF-chT2 0607 (4NCL)"]
[Site "Sunningdale"]
[Date "2006.09.16"]
[Round "1.1"]
[White "Manley, Jon P"]
[Black "Rogers, Jonathan"]
[Result "1/2-1/2"]
[WhiteElo "2177"]
[BlackElo "2353"]
[PlyCount "42"]
[EventDate "2006.09.16"]
[EventType "team-tourn"]
[EventRounds "11"]
[EventCountry "ENG"]
[SourceTitle "CBM 115 Extra"]
[Source "ChessBase"]
[SourceDate "2007.01.10"]
[SourceVersion "1"]
[SourceVersionDate "2007.01.10"]
[SourceQuality "1"]
[WhiteTeam "Barbican Youth"]
[BlackTeam "Barbican II"]
[WhiteTeamCountry "ENG"]
[BlackTeamCountry "ENG"]

1. e4 e5 2. Nf3 Nc6 3. Nc3 Nf6 4. Bb5 Bb4 5. 0-0 0-0 6. d3 d6 7. Bg5 Bxc3 8. bxc3 h6 9. Bh4 Bd7 10. Rb1 Rb8 11. Re1 Re8 12. Qc1 a6 13. Ba4 Na5 14. Bb3 c5 15. Bd5 Qe7 16. h3 Nc6 17. d4 cxd4 18. cxd4 exd4 19. Qd2 Rec8 20. Nxd4 Nxd4 21. Qxd4 Qe5 1/2-1/2